000 00619nam a22001937a 4500
003 0
005 20250916160845.0
008 250916b xxu||||| |||| 00| 0 eng d
020 _a978-1-64728-820-4
050 _aQA 76.758
_b.P34 2025
100 _aPage, Cersei,
_eauthor.
245 _aThe Essence of software engineering /
_cCersei Page.
260 _aForest Hill, NY :
_bWillford Press,
_c2025.
300 _aviii, 272 pages :
_bcolored illustrations ;
_c27 cm.
504 _aIncludes bibliographical references and index.
650 _aSoftware engineering.
650 _aComputer engineering.
942 _2lcc
_cBK
999 _c367995
_d367995